LA INTERPRETACION DE LOS SIMBOLOS: HERMENEUTICA Y LENGUAJE EN LA FILOSOFIA ACTUAL/

Guardat en:
Dades bibliogràfiques
Autor principal: Garagalza, Luis (autor)
Format: Llibre
Col·lecció:AUTORES, TEXTOS Y TEMAS HERMENEUSIS; 7
Matèries:
Etiquetes: Afegir etiqueta
Sense etiquetes, Sigues el primer a etiquetar aquest registre!

MARC

LEADER 00000nam^a2200000^a^4500
001 000217389
005 20250521000000.0
009 20260310103721.115
020 |a 84-7658-202-1 
035 |a 038307 
037 |a Acervo Xavier Clavigero 
082 |a 400.  |b GAR 
100 |a Garagalza, Luis  |e (autor) 
245 1 3 |a LA INTERPRETACION DE LOS SIMBOLOS:  |b HERMENEUTICA Y LENGUAJE EN LA FILOSOFIA ACTUAL/  |c LUIS GARAGALZA 
264 |a ESPAÑA :  |b ANTHROPOS,  |c 1990 
300 |a 206p. 
336 |a texto  |b txt  |2 rdacontenido 
337 |a sin mediación  |b n  |2 rdamedio 
338 |a volumen  |b nc  |2 rdasoporte 
440 |a AUTORES, TEXTOS Y TEMAS HERMENEUSIS;  |v 7 
649 |a XX 
650 |a LENGUAJE Y LENGUAS 
650 |a Hermenéutica 
650 |a Filosofía del Lenguaje 
910 |a Fondo General 
920 |a Impresos - Libros 
930 |a Colección General 
905 |a 101 
901 |a 038307  |b IT1  |c ACC  |i 038307  |u 20250521 
902 |a https://opac.biblio.iteso.mx/vufind/Record/000217389